[Event "EU-ch 6th"]
[Site "Warsaw"]
[Date "2005.06.20"]
[Round "3"]
[White "Aronian, Levon"]
[Black "Kornev, Alexei"]
[Result "1-0"]
[WhiteElo "2693"]
[BlackElo "2565"]
[Annotator "Lutz,C"]
[PlyCount "75"]
[EventDate "2005.06.18"]
[EventType "swiss"]
[EventRounds "13"]
[EventCountry "POL"]
[SourceTitle "CBM 108"]
[Source "ChessBase"]
[SourceDate "2005.09.26"]
[SourceVersion "1"]
[SourceVersionDate "2005.09.26"]
[SourceQuality "1"]

1. c4 c6 2. Nc3 d5 3. d4 Nf6 4. e3 e6 5. Nf3 a6 6. b3 Bb4 7. Bd2 O-O 8. Bd3
Nbd7 9. O-O Qe7 10. Qe1 $5 $146 {Eine Neuerung, die interessanterweise im
gleichen Turnier in der gleichen Runde noch in einer anderen Partie angewandt
wurde. Normal ist 10.Qc2, aber auch 10.Re1 wurde schon häufiger gespielt.} (10.
Qc2 e5 (10... dxc4 11. bxc4 e5 12. Bf5 (12. Nh4 g6 13. f4 $2 Ng4 14. Nf3 Bxc3
15. Qxc3 e4 16. Bc2 exf3 17. gxf3 Ngf6 18. e4 Nh5 $17 {1/2-1/2 Ehlvest,
J-Stripunsky,A/New York 2004/CBM 103 ext (44)}) (12. Ne4 Bxd2 13. Nfxd2 Nxe4
14. Nxe4 f5 15. Nd2 e4 16. Be2 c5 17. d5 Ne5 18. Rab1 Rf6 19. Qc3 b6 20. h3 Bd7
$132 {1-0 Mohr,S-Clara,H/Germany 1990/GER-chT (69)}) 12... Re8 13. Rab1 a5 14.
Ne2 exd4 15. Nexd4 g6 16. Bh3 Ne4 17. Bc1 Ndf6 {1/2-1/2 Korotylev,A-Georgiev,V/
Wijk aan Zee 2005/CBM 105 (17)}) (10... h6 $5 11. h3 Re8 12. Rad1 e5 13. dxe5
dxc4 14. bxc4 Nxe5 15. Nxe5 Qxe5 16. Na4 Bxd2 17. Rxd2 b5 $1 18. Nb6 Rb8 19.
Nxc8 Rbxc8 20. Rc1 Ne4 $11 {1/2-1/2 Akopian,V-Riazantsev,A/Moscow 2005/CBM 106/
[Lutz] (40)}) 11. dxe5 Nxe5 12. Nxe5 Qxe5 13. cxd5 cxd5 14. Ne2 Bd6 (14... Bxd2
{Lutz} 15. Qxd2 Bd7 16. Qb4 $14) 15. Ng3 Qg5 (15... Qe7 16. Bc3 h6 17. Qb2 Re8
18. Bxf6 Qxf6 19. Qxf6 gxf6 20. Rac1 Kf8 21. Rfd1 Bg4 22. Be2 $16 {1-0
Ivanchuk,V-Riazantsev,A/Moscow 2005/CBM 106/[Lutz] (40)}) 16. Bc3 (16. f4 $1
Qh4 17. Rf3 g6 18. Be1 $1 Qh6 19. Bc3 $16 {0-1 Pinter,J-Gurevich,M/France 2004/
CBM 100/[Gurevich,M] (65)}) 16... Ng4 17. Be2 Bxg3 18. hxg3 Qh5 19. Bxg4 Bxg4
20. f3 Be6 21. g4 Qg6 22. Qxg6 hxg6 23. g5 $14 {1/2-1/2 Dreev,A-Riazantsev,A/
Sochi 2005/CBM 107/[Lutz] (59)}) (10. Re1) 10... a5 {In Verbindung mit ...dxc4
ist dieser Zug zweischneidig, da er Schwächen auf der b-Linie hinterläßt. 10...
dxc4 wurde in der anderen Partie gespielt und erscheint mir natürlicher.} (
10... dxc4 {1/2-1/2 Sargissian,G-Gagunashvili,M/Warsaw 2005/CBM 108(28)/[Lutz]}
) 11. Bc2 dxc4 12. bxc4 e5 13. a3 Bd6 14. Nh4 $5 {Aronian wählt ein
interessantes Konzept, das ein Bauernopfer enthält.} (14. Qb1 {war auch
möglich, um das Feld e4 unter Kontrolle zu nehmen und auf der b-Linie zu
spielen.} Re8 15. h3 $5 $13) 14... g6 15. f4 exd4 (15... e4 $6 {wäre nun
problematisch, da Weiß mit f2-f4 seine Struktur am Königsflügel gestärkt hat.}
16. c5 Bc7 17. Qg3 $5 Nh5 (17... Kh8 18. Qg5 Bd8 19. Rab1) 18. Qg5 Bd8 19. Qxe7
Bxe7 20. g4 $5 Bxh4 21. gxh5 f5 22. hxg6 hxg6 23. Rab1 {mit Druck auf der
b-Linie.}) 16. exd4 Bxa3 {Schwarz nimmt das Opfer an, da er sonst strategisch
schlechter stehen würde.} 17. Qg3 {Weiß setzt im Gegenzug auf taktische
Möglichkeiten am Königsflügel.} Nh5 18. Qf2 Ndf6 19. Rfe1 Qd8 20. Rxa3 Ng4 21.
Qf3 Qxh4 {Durch diesen indirekten Tausch hat Weiß den schwarzfeldrigen Läufer
erobert. Aber momentan hat Schwarz genügend Figuren am Königsflügel, so dass
sich die geschwächten Felder f6, g7 und h6 nicht auswirken.} 22. h3 Ngf6 23.
Rf1 (23. Rea1 Re8 24. Rxa5 Rxa5 25. Rxa5 Nxf4 $1 26. Qxf4 $2 Re1+ 27. Kh2 Ng4+
$19) 23... Qg3 24. f5 {Weiß stezt weiterhin auf Angriff, aber Schwarz hält
dagegen.} Qd6 25. Ne2 Bxf5 26. Bxf5 gxf5 {Die schwarzen Springer verteidigen
die geschwächte Königstruktur und außerdem hat Schwarz momentan noch zwei
Mehrbauern.} 27. c5 $6 {Mit Optimismus gespielt, der aber belohnt wird. Weiß
gibt das Feld d5 und verschmäht den Rückgewinn des a-Bauern, weil er sich
etwas von den Drohungen am Königsflügel verspricht.} (27. Rxa5 {ist etwa
ausgeglichen.} Rxa5 28. Bxa5 Re8 $132) 27... Qd5 28. Bh6 Qxf3 29. Raxf3 Rfe8
30. Ng3 Re6 $2 {Der entscheidende Fehler.} (30... f4 $1 {war der richtige Zug,
um den weißen Angriff gehörig ins Stocken zu bringen.} 31. Bxf4 (31. Nxh5 Nxh5
32. g4 Ng3) (31. Nf5 Nd5) 31... Nxf4 32. Rxf4 Nd5 33. Rxf7 (33. Rg4+ Kh8 34.
Rxf7 Re7) 33... Re7 $15 {, und Schwarz kann dank seines gefährlichen a-Bauern
frohgemut in die Zukunft blicken.}) 31. Rxf5 $18 {Nun machen die schwarzen
Springer eine unglückliche Figur.} Ng4 32. Rg5+ Rg6 (32... Kh8 33. hxg4 Nxg3
34. Bg7+ Kg8 35. Be5+ Rg6 36. Rxg6+ fxg6 37. Bxg3 $18) 33. Nf5 Rxg5 34. Ne7+
Kh8 35. Bxg5 {Der Ng4 hat kein Rückzugsfeld mehr.} Ng3 36. hxg4 h6 37. Bf6+ Kh7
38. Re1 1-0

[Event "Minneapolis HB Global op"]
[Site "Minneapolis"]
[Date "2005.05.21"]
[Round "6"]
[White "Nakamura, Hikaru"]
[Black "Beliavsky, Alexander G"]
[Result "0-1"]
[WhiteElo "2657"]
[BlackElo "2630"]
[Annotator "Lutz,C"]
[PlyCount "72"]
[EventDate "2005.05.18"]
[EventType "swiss"]
[EventRounds "9"]
[EventCountry "USA"]
[SourceTitle "CBM 107"]
[Source "ChessBase"]
[SourceDate "2005.08.01"]
[SourceVersion "1"]
[SourceVersionDate "2005.08.01"]
[SourceQuality "1"]

1. c4 c6 2. d4 d5 3. Nc3 Nf6 4. e3 e6 5. Nf3 Nbd7 6. Qc2 Bd6 7. g4 dxc4 8. Bxc4
Nd5 (8... b5 9. Be2 Bb7 10. g5 Nd5 11. Ne4 Be7 12. Bd2 b4 13. Nc5 Nxc5 14. dxc5
$36 {1-0 Gelfand,B-San Segundo Carrillo,P/Madrid 1996/CBM 53/[Gelfand] (54)})
9. Bd2 b5 $6 {Die Kombination von 8...Nd5 und 9...b5 macht nicht viel Sinn.
Schwarz sollte entweder 9...b6 spielen, um eine Schwächung des Feldes c5 zu
vermeiden, oder aber gleich 8...b5 spielen.} 10. Be2 Bb7 11. Ne4 Be7 12. Nc5 {
Weiss besetzt unmittelbar das Feld c5, so dass der Bb7 eingemauert bleibt.} (
12. g5 {wäre Zugumstellung zu Gelfand-San Segundo (siehe oben).}) 12... Nxc5
13. dxc5 $16 Qc7 14. a4 $2 {Das sieht wie ein glatter strategischer Fehler aus.
Weiss steht besser, weil er Raumvorteil hat und der Bb7 nicht mitspielt. Mit
dem Textzug öffnet sich der Damenflügel, und der schwarze Läufer kommt wieder
ins Spiel.} (14. g5 $16) (14. O-O-O $16) 14... O-O 15. h4 a5 16. Rc1 bxa4 {
Jezt geht die b-Linie auf und Schwarz kommt zu ...Ba6.} 17. Bd3 h6 18. Qxa4 Ba6
19. Bxa6 Rxa6 20. b4 {Weiss spielt weiter auf beiden Flügeln auf Angriff, aber
er sollte sich eher Sorgen machen, die Partie auszugleichen.} Qa7 21. bxa5 Bd8
22. O-O Bxa5 $15 23. Bxa5 Rxa5 24. Qxc6 Ra6 25. Qb5 Rb8 26. Qe2 {Mit den
weissen Bauern auf g2 und h2 wäre die Stellung ausgeglichen...} Ra2 27. Rc2 Nc3
28. Qd3 Rxc2 29. Qxc2 Qxc5 30. Rc1 Rc8 31. Kg2 Qc4 32. Nd4 $2 (32. e4 $5) 32...
e5 $17 33. Nf5 Qxg4+ 34. Kh2 Kh8 $1 35. Rg1 Qh5 36. Rxg7 $2 e4 0-1

[Event "Corus"]
[Site "Wijk aan Zee"]
[Date "2006.01.16"]
[Round "3"]
[White "Mamedyarov, Shakhriyar"]
[Black "Sokolov, Ivan"]
[Result "1/2-1/2"]
[WhiteElo "2709"]
[BlackElo "2689"]
[Annotator "Lutz,C"]
[PlyCount "51"]
[EventDate "2006.01.14"]
[EventType "tourn"]
[EventRounds "13"]
[EventCountry "NED"]
[EventCategory "19"]
[SourceTitle "CBM 111"]
[Source "ChessBase"]
[SourceDate "2006.04.04"]
[SourceVersion "1"]
[SourceVersionDate "2006.04.04"]
[SourceQuality "1"]

1. d4 d5 2. c4 c6 3. Nc3 Nf6 4. e3 a6 5. Qc2 e6 6. Nf3 c5 7. cxd5 exd5 8. Be2
Nc6 9. O-O Be6 10. Rd1 Nb4 {Dieser Springerausfall scheint Schwarz Ausgleich
zu versprechen. Die Qc2 und der Rd1 treten sich gegenseitig auf die Füsse.} 11.
Qd2 (11. Qb1 {1/2-1/2 Dreev,A-Jakovenko,D/Moscow 2005/CBM 111/[Lutz] (81)})
11... Ne4 12. Nxe4 dxe4 13. Ne5 $5 {Geläufiger ist an dieser Stelle 13.a3, was
jedoch nicht viel verspricht.} (13. a3 {1/2-1/2 Sakaev,K-Erenburg,S/Khanty
Mansiysk 2005/CBM 111/[Lutz] (23)}) 13... cxd4 (13... f6 {0-1 Gschnitzer,
O-Fridman,D/Germany 2005/CBM 111/[Lutz] (59) sieht wie eine spielbare
Alternative aus.}) 14. exd4 {Schwarz hat das Feld d5 für seine Figuren, aber
der Pe4 ist anfällig.} Be7 (14... Bd6 $5 15. d5 (15. Qf4 $5 f5 (15... f6 16.
Qxe4 fxe5 17. dxe5 $16) (15... O-O 16. Qxe4) 16. Bh5+) 15... Nxd5 16. Qd4 Qc7
17. Nc4 Bxh2+ 18. Kh1 O-O 19. g3 Bxg3 20. Rg1 Ne7 21. fxg3 Rfd8 22. Qe5 Qc6 23.
Ne3 Rac8 24. b3 {1/2-1/2 Odendahl,R-Malakhatko,V/Vlissingen 2005/CBM 107 ext/
[Lutz] (24)}) 15. a3 Nd5 16. Qc2 f6 17. Nc4 f5 18. f3 O-O $5 {Schwarz
entschliesst sich zu einem Bauernopfer, um nicht die Initiative abzugeben.} (
18... exf3 19. Bxf3 O-O 20. Re1 {gibt Weiß einige Möglichkeiten auf der
e-Linie.}) 19. fxe4 fxe4 20. Qxe4 Bf5 21. Qe5 (21. Qf3 $2 Bc2) 21... Bf6 22.
Qd6 (22. Qxf5 $2 Bxd4+) (22. Qg3 $5 {ist eine Möglichkeit für Weiß, den Kampf
fortzusetzen.} Bc2 23. Rd2 Bg6 $13) 22... Bc2 23. Rd2 Bg6 24. Rd1 (24. Bf3 $5
Qxd6 25. Nxd6 Ne3 26. Re2 Nc2 27. Rxc2 Bxc2 28. Bd5+ Kh8 29. Be3 Bg6 {ist für
Schwarz günstig.}) 24... Bc2 25. Rd2 Bg6 26. Rd1 1/2-1/2

[Event "Sakthi"]
[Site "Sakthi"]
[Date "1996.??.??"]
[Round "8"]
[White "Murshed, Niaz"]
[Black "Prasad, Devaki V"]
[Result "1/2-1/2"]
[WhiteElo "2510"]
[BlackElo "2445"]
[Annotator "Lutz,C"]
[PlyCount "73"]
[EventDate "1996.??.??"]
[EventType "tourn"]
[EventRounds "11"]
[EventCountry "IND"]
[EventCategory "9"]
[SourceTitle "CBM 053"]
[Source "ChessBase"]
[SourceDate "1996.08.01"]
[SourceVersion "1"]
[SourceVersionDate "1996.08.01"]
[SourceQuality "1"]

1. d4 d5 2. c4 c6 3. Nc3 Nf6 4. e3 e6 5. Nf3 Nbd7 6. Be2 Bd6 7. Qc2 O-O 8. O-O
Qe7 {Die Pointe von 8...Qe7 (anstelle von 8...Re8 9.Rd1 Qe7, was Weiß
möglicherweise einen minimalen Vorteil einräumt) ist, daß nach 9.Rd1 einfach 9.
..dc4 10.Bc4 e5 folgen kann, ohne daß der Punkt f7 geschwächt ist. Der einzige
Widerlegungsversuch ist 9.e4.} (8... Re8 9. Rd1 Qe7 10. h3 dxc4 11. Bxc4 e5 12.
Bb3 e4 $2 13. Ng5) 9. e4 (9. Rd1 dxc4 10. Bxc4 e5 11. Bb3 e4 12. Ng5 Bxh2+ 13.
Kxh2 Ng4+ 14. Kg1 Qxg5 15. Qxe4 Ndf6 $13 16. Qf4 Qh4 17. Qg3 Qxg3 18. fxg3 Re8
19. Re1 Be6 20. Bd1 Rad8 21. Bf3 Nh5 22. b4 Nxg3 $17 {0-1 Izhnin,A-Guliev,S/
Nikolaev zt (10) ;CBM 47 1995 (39)}) 9... Nxe4 10. Nxe4 dxe4 11. Qxe4 e5 12.
Bg5 Nf6 $1 {Diese wichtige Neuerung von Ivanchuk wurde zuerst in Gurevich,
M-Bareev,E/Munich 1993 angewandt. Zuvor wurde 12...f6, 12...Qe6 und 12...Qe8
versucht.} 13. Qh4 {Kritisch ist 13.Bf6:} (13. Bxf6 gxf6 14. c5 $5 (14. dxe5
fxe5 15. c5 Bxc5 (15... Bc7 $10 {Bareev,E}) 16. Bc4 Kg7 17. Nxe5 f6 18. Bd3 Rh8
19. Nc4 Qxe4 20. Bxe4 Rd8 21. Rac1 f5 22. Bf3 Kf6 23. a3 a5 24. Nxa5 Rxa5 25.
b4 Bxf2+ 26. Rxf2 Rxa3 27. b5 {1/2:1/2 Gurevich,M-Bareev,M/Munich 1993/CBM 36
1993}) 14... exd4 15. Qh4 Bxc5 (15... Qxe2 $6 16. cxd6 d3 17. Qd4 $16 {Ftacnik,
L}) (15... Bxh2+ 16. Kxh2 Qxe2 17. Qxf6 $16 {Ftacnik,L}) 16. Rae1 (16. Bd3 f5 {
Ftacnik,L}) 16... Bf5 (16... f5 $4 17. Ng5 f6 18. Bc4+ {Ftacnik,L}) 17. b4 Bxb4
(17... Bb6 18. Bd3 Qd7 19. Bxf5 Qxf5 20. Re4 d3 21. Rf4 Qe6 22. Rxf6 $13 {
Ftacnik,L}) 18. Bd3 Qd7 19. Bxf5 Qxf5 20. Re4 $1 $44 {1/2-1/2 Rogozenko,
D-Novikov,I/Nikolaev zt (02) ;CBM 47 1995 (30)}) 13... h6 14. Bxf6 (14. Bxh6
gxh6 15. dxe5 Bxe5 16. Rae1 $44 {Bareev,E}) 14... Qxf6 15. Qxf6 gxf6 16. c5 Bc7
17. Bc4 exd4 18. Nxd4 Be5 {Offensichtlich hat Schwarz keine Probleme.} 19. Rfd1
Rd8 20. Nf3 Bg4 21. Rxd8+ Rxd8 22. Nxe5 fxe5 23. f3 Be6 {Das erscheint mir
etwas grobschlächtig, aber ansonsten spielt Weiß 24.Re1.} 24. Bxe6 fxe6 25. b4
Rd2 26. a4 Kf7 27. Re1 Kf6 28. h3 Rb2 29. Re4 Ra2 30. a5 Rb2 31. Kh2 a6 32. Rh4
Kg5 33. Rg4+ Kf6 34. h4 h5 35. Rg5 Rxb4 36. Rxh5 e4 37. fxe4 1/2-1/2

[Event "Minsk"]
[Site "Minsk"]
[Date "1996.??.??"]
[Round "9"]
[White "Rustemov, Alexander"]
[Black "Filippov, Valerij"]
[Result "1-0"]
[WhiteElo "2495"]
[BlackElo "2530"]
[Annotator "Lutz,C"]
[PlyCount "139"]
[EventDate "1996.??.??"]
[EventType "tourn"]
[EventRounds "11"]
[EventCountry "BLR"]
[EventCategory "11"]
[SourceTitle "CBM 054"]
[Source "ChessBase"]
[SourceDate "1996.10.01"]
[SourceVersion "1"]
[SourceVersionDate "1996.10.01"]
[SourceQuality "1"]

1. d4 {Baburin} d5 2. c4 c6 3. e3 Nf6 4. Nc3 e6 5. Nf3 Nbd7 6. Qc2 Bd6 7. b3
O-O 8. Be2 e5 9. cxd5 Nxd5 10. Nxd5 cxd5 11. dxe5 Nxe5 12. Bb2 (12. O-O $2
Nxf3+ 13. Bxf3 Qh4 14. h3 (14. g3 Qf6) 14... Bxh3) 12... Nxf3+ 13. Bxf3 Bb4+
14. Kf1 $1 (14. Bc3 Qf6 15. Rc1 Bf5 16. Qd2 Bxc3 17. Rxc3 Rac8 18. Rxc8 Rxc8
19. O-O Be4 20. Bxe4 dxe4 21. h3 $10 {Foisor,O-Kaidanov,G/Tbilisi ;TD 86\01
1986}) 14... Be6 15. Qd3 {Diese Stellung ist etwas besser für Weiß. Nach dem
der Rh1 ins Spiel kommt, wirkt sich der Isolani d5 aus.} Be7 16. Ke2 (16. h4
Bf6 $1 {Der Bb2 ist viel stärker als der Be7, daher der Abtausch.} 17. Bd4 Bxd4
18. Qxd4 Qb6 19. Qxb6 axb6 20. Ke2 Ra5 21. Rhd1 Rfa8 22. a4 b5 23. Rd4 bxa4 24.
Raxa4 Rxa4 25. bxa4 Kf8 $10 {Kamsky,G-Shirov,A/Las Palmas (03) ;CBM 42 1994})
16... Qd7 $5 {Wahrscheinlich sollte Schwarz auch hier die Läufer tauschen.} (
16... Bf6 17. Bd4 Bxd4 18. Qxd4 Qa5 19. Qa4 Qxa4 20. bxa4 Rac8 21. Rhc1 b6 22.
a5 bxa5 23. Kd2 $14 {Shtern,I-Donaldson,J/American op (08) ;EXT 89op 1989 (55)}
) 17. Rhd1 Rfd8 18. Kf1 Rac8 19. Kg1 (19. Qe2 Qc7 20. g3 Qa5 21. Rd4 $6 Bc5 22.
Ra4 Qb6 23. Kg2 d4 24. exd4 Bxd4 25. Bxd4 Rxd4 26. Qe5 Rcd8 $10 {Olafsson,
H-Rasmussen,K/Manila olm ;TD 92\02 1992 (49)}) 19... b6 20. Rd2 f6 21. Qe2 Bb4
22. Rd4 Bd6 23. Rad1 Be5 24. R4d2 Bxb2 {Baburin: This is a very dubious
decision - the white bishop was not particularly active, while the black one
was rather useful, being able to control the d4-square.} 25. Rxb2 Qc7 26. Rbd2
$16 Qe5 27. Qa6 Rc7 28. h3 f5 {Baburin: Sooner or later this weakening move
would be necessary anyway because of the e3-e4 threat.} 29. Rd4 Rcd7 30. Qd3 g6
31. g3 Kg7 32. Kg2 Kf6 33. Rd2 Kg7 34. b4 {Baburin: White has achieved a lot,
but in order to win the game he needs to create a second weakness (target)
somewhere, in addition to the exsisting target on d5. The text is designed to
initiate some play on the queen side.} Kf6 35. Qb3 Kg7 36. Qd1 Kf6 37. R2d3 Kg7
38. Qd2 Kf6 39. Kh2 Kg7 40. Bg2 Kf7 41. a4 Kf6 42. b5 Kf7 43. Rc3 Qb8 44. Qc1
Qe5 45. Bf3 Kg7 46. Kg2 Kf7 47. Bd1 Qb8 48. Bb3 Ke7 49. Rc6 Rd6 50. Rc7+ R6d7
51. Rc3 Kf7 52. Kg1 Qe5 53. Qd2 Qb8 54. Rc6 Rd6 55. Rc3 R6d7 56. Kh2 Qb7 57.
Rcd3 Rd6 58. f3 Ke7 59. e4 Qc7 60. Rc3 Qb7 61. e5 R6d7 62. Rc6 Bg8 63. Qg5+ Ke8
64. Qf6 Rf7 65. Re6+ Re7 66. Qh8 Kf8 67. Rc6 Rg7 68. Rxd5 Rxd5 69. Bxd5 Qd7 70.
Rf6+ 1-0

[Event "RUS-Cup3"]
[Site "Omsk"]
[Date "1996.??.??"]
[Round "1"]
[White "Burmakin, Vladimir"]
[Black "Strutinskaya, Galina N"]
[Result "1-0"]
[WhiteElo "2505"]
[BlackElo "2315"]
[Annotator "Lutz,C"]
[PlyCount "43"]
[EventDate "1996.12.13"]
[EventType "swiss"]
[EventRounds "9"]
[EventCountry "RUS"]
[SourceTitle "CBM 057"]
[Source "ChessBase"]
[SourceDate "1997.04.01"]
[SourceVersion "1"]
[SourceVersionDate "1997.04.01"]
[SourceQuality "1"]

1. d4 Nf6 2. c4 e6 3. Nf3 d5 4. Nc3 c6 5. e3 Nbd7 6. Qc2 b6 7. Bd3 Bb7 8. O-O
Be7 9. Ne5 $5 (9. b3) 9... O-O 10. e4 dxc4 11. Nxc4 b5 12. Ne3 {/\ e5} e5 $2 {
>< f5} (12... c5 $5 13. dxc5 (13. Nxb5 cxd4 14. Nxd4 $2 Ne5) (13. e5 cxd4 14.
exf6 Nxf6 15. Rd1 Qc8) 13... Nxc5 14. Bxb5 Ncxe4) 13. dxe5 Nxe5 14. Be2 Qb6 15.
Nf5 Bc5 16. Qd2 $1 {/\ Nxg7, /\ Qg5} Ng6 17. e5 $1 Ne8 $6 (17... Nxe5 18. Nxg7
$16) (17... Rfd8 18. Qg5 $40) 18. Ne4 Bc8 19. Nxg7 $18 Be3 (19... Nxg7 20. Nf6+
Kh8 21. Qh6 $18) (19... Kxg7 20. Qh6+ {/\ Ng5}) 20. Qxe3 Qxe3 21. Bxe3 Kxg7 22.
f4 1-0

[Event "Dortmund SuperGM 25th"]
[Site "Dortmund"]
[Date "1997.07.06"]
[Round "3"]
[White "Kramnik, Vladimir"]
[Black "Ivanchuk, Vassily"]
[Result "1-0"]
[WhiteElo "2770"]
[BlackElo "2725"]
[Annotator "Lutz,C"]
[PlyCount "37"]
[EventDate "1997.07.04"]
[EventType "tourn"]
[EventRounds "9"]
[EventCountry "GER"]
[EventCategory "18"]
[SourceTitle "CBM 060"]
[Source "ChessBase"]
[SourceDate "1997.09.29"]
[SourceVersion "1"]
[SourceVersionDate "1997.09.29"]
[SourceQuality "1"]

1. Nf3 {Ftacnik.} Nf6 2. c4 c6 3. Nc3 d5 4. d4 e6 5. e3 Nbd7 6. Qc2 b6 7. Bd3 (
7. b3 {Ftacnik} Bb7 8. Bb2 Bd6 9. Bd3 O-O 10. O-O Rc8 11. Rad1 h6 12. Qe2 Re8
13. e4 dxe4 14. Nxe4 Nxe4 15. Qxe4 Nf6 16. Qh4 Nd7 17. Qh5 c5 18. Ne5 Qe7 19.
Nxd7 Qxd7 20. d5 {1-0 Franco,Z-Rodriguez Lopez,R/Mondariz (09)/1995 (30)}) 7...
Bb7 8. O-O Be7 (8... Bd6 {Ftacnik} 9. a3 O-O 10. b4 dxc4 11. Bxc4 b5 12. Bd3 a5
13. Rb1 Qc7 14. Ng5 axb4 15. Nce4 h6 16. Nxd6 Qxd6 17. Nh7 Nxh7 18. Bxh7+ Kh8
19. axb4 g6 20. Bxg6 fxg6 21. Qxg6 Rf6 {0-1 Kecskes,G-Payen,A/Budapest FS08
IM-B (02)/1995 (26)}) (8... Qc7 {Ftacnik} 9. Re1 (9. Bd2 Be7 10. Rac1 Rc8 11.
Rfe1 O-O 12. e4 dxc4 13. Bxc4 e5 14. Qb3 h6 15. Bf1 exd4 16. Nb5 Qd8 17. Nbxd4
c5 18. Nf5 Nxe4 19. Nxh6+ gxh6 20. Bxh6 Bf6 {1-0 Lehtivaara,P-Pinski,J/Geneva
op (05) 1997 (40)}) 9... Be7 10. e4 dxe4 11. Nxe4 Rd8 12. Bg5 h6 13. Bh4 Nxe4
14. Bxe7 Kxe7 15. Bxe4 Rhe8 16. c5 Kf8 17. Rad1 Nf6 18. Ne5 {0-1 Pavlovic,
Ma-Guidez,Y/Cappelle op (03) 1995 (38)}) 9. b3 (9. Rd1 {Ftacnik} O-O 10. b3 Qc7
11. Bb2 Rac8 12. Rac1 c5 13. cxd5 exd5 14. Bf5 g6 15. Bh3 Rcd8 16. Ba3 Rfe8 17.
dxc5 bxc5 18. Na4 {1-0 Petkevich,J-Stromer,A/Cappelle op (03) 1995 (42)}) (9.
Ne5 {Ftacnik} O-O 10. e4 dxc4 11. Nxc4 b5 12. Ne3 e5 13. dxe5 Nxe5 14. Be2 Qb6
15. Nf5 Bc5 16. Qd2 Ng6 17. e5 Ne8 18. Ne4 Bc8 19. Nxg7 Be3 20. Qxe3 Qxe3 21.
Bxe3 Kxg7 22. f4 {1-0 Burmakin,V-Strutinskaya,G/Omsk Russian Cup (01) 1996})
9... Rc8 (9... dxc4 $5 10. bxc4 c5 11. d5 $6 exd5 12. cxd5 Nxd5 13. Nxd5 Bxd5
14. Rd1 Qc7 15. Bb2 Bc6 16. Be4 (16. Bxg7 Rg8 {/\ ...Bxf3}) 16... Bf6 {0-1
Zvjaginsev,V-Dreev,A/RUS-ch m5-8 1997 (45) Weiß hat nicht genügend
Kompensation für den Bauern.}) (9... Qc7 {Ftacnik} 10. Bb2 O-O 11. Rad1 c5 12.
Ne5 cxd4 13. exd4 Rfd8 14. Qe2 dxc4 15. bxc4 Nxe5 16. dxe5 Nd7 17. Nb5 Qc6 18.
Qg4 Nc5 19. Nd6 Bxd6 20. exd6 g6 21. Bc2 Rxd6 22. Rxd6 Qxd6 {0-1 Luft,
A-Beikert,G/BL2-S 9596/1996 (41)}) (9... O-O {Ftacnik} 10. Ne5 Rc8 11. Bb2 Qc7
12. Rad1 Rfd8 13. f4 Nf8 14. f5 Bd6 15. e4 dxc4 16. Nxc4 Bxh2+ 17. Kh1 b5 18.
e5 bxc4 19. Bxc4 Ng4 20. Qe2 h5 21. Ne4 c5 {1-0 Adla,D-Rodriguez Lopez,R/
Aceimar op 1995 (37)}) 10. Bb2 c5 (10... Qc7 11. Rac1 h6 12. Qe2 (12. e4 $5)
12... O-O 13. Ne5 Nxe5 14. dxe5 dxc4 15. bxc4 Qxe5 16. Nd5 Qd6 17. Nxf6+ Bxf6
18. Bxf6 gxf6 19. c5 Qe7 20. Qg4+ Kh8 21. Qh4 Kg7 22. Qg3+ Kh8 23. Qh4 Kg7 24.
Qg4+ Kh8 25. Qh4 {1/2-1/2 Dao,T-Waitzkin,J/Budapest FS06 GM 1997}) 11. cxd5
cxd4 $2 $146 {'?' Ftacnik. Eine mißglückte Neuerung, die auf einer
Fehlkalkulation beruht.} (11... exd5 12. Rfd1 O-O 13. Rac1 Re8 14. Bf5 g6 15.
Bh3 $14 Bf8 16. Qb1 Qe7 17. Rc2 a6 18. Na4 c4 19. Ne5 b5 {1/2-1/2 Khalifman,
A-Dreev,A/EUCup f 1996/CBM 56 Weiß kann nun die Qualität gewinnen : Ftacnik:
'1/2-1/2 Khalifman,A-Dreev,A/EUCup f Budapest (03)/1996/'} 20. Nxd7 Nxd7 21.
Bxd7 Qxd7 22. Nb6 Qe6 23. Nxc8 Rxc8 {Schwarz hat wegen des schlechten Bb2 und
seines gedeckten Freibauern (den er mittels ...b4 und ...c3 weiter vorzurücken
gedenkt) etwas Kompensation, trotzdem hätte Weiß weiterspielen sollen.}) 12.
dxe6 {'!' Ftacnik.} (12. Nxd4 {Ftacnik} Nxd5 13. a3 h6 $11) 12... dxc3 13.
exd7+ Nxd7 (13... Qxd7 {Ftacnik} 14. Bf5 Qc6 15. Bxc8 cxb2 16. Qxc6+ Bxc6 17.
Rab1 $18) 14. Bxc3 Bb4 {Scheinbar hat Weiß nun Probleme auf der c-Linie.} (
14... Bxf3 15. gxf3 Bb4 16. Bc4 Bxc3 (16... Qg5+ {Ftacnik} 17. Kh1 Qh5 18. Qe4+
$18) 17. Qxc3 {führt zur Partie.}) (14... Bf6 {Ftacnik} 15. Nd4 $16) 15. Bc4
Bxf3 16. gxf3 (16. Bxb4 $2 Qg5 17. g3 b5 $19) 16... Bxc3 17. Qxc3 Qg5+ (17...
b5 {Ftacnik} 18. Qxg7 $18) 18. Kh1 b5 {Darauf hat Schwarz gehofft, aber ...} (
18... Qh5 19. Qxg7 Qxf3+ 20. Qg2 $18 (20. Kg1 $18 {Ftacnik})) 19. Qa5 $1 (19.
Qa5 Qf5 (19... Qh5 {Ftacnik} 20. Be2 $18) 20. Be2 $18 {erschien Ivanchuk gegen
einen Spieler wie Kramnik hoffnungslos, daher die frühe Aufgabe.}) 1-0